Регионална библиотека "Любен Каравелов" - Русе

Жизнь и удивительные приключения Робинзона Крузо, моряка из Йорка (Запис номер 490195)

MARC детайли
000 -Лидер
Контролно поле с фиксирана дължина nam a22 a 4500
003 - Код на организацията, давaща контролен номер
Контролно поле BLK
005 - Дата и час на последна редакция
Контролно поле 20230327095302.0
008 - Елементи от данни с фиксирана дължина
fixed length control field 210628b bu |||||r|||| 00| | bu d
040 ## - Източник на каталожния запис
Идентификатор на билиотеката - собственик на записа BLK
041 ## - Код за език
Код за езика на текст/звукозапис или на отделно заглавие Руски
Код за езика КДБФ Руски
080 ## - УДК
Текстов определител УДК Английска литература
УДК код - определител по УДК 821.111
УДК определител -31
УДК - код + определител 821.111-31
100 ## - Редна дума - Автор
R(LIN) 276044
Автор Дефо, Даниэль
Авторска отговорност първи автор
139 ## - Редно поле
Редна дума Дефо, Даниэль
Авторски знак Деф - Д 46
245 ## - Сведения за заглавието
Заглавие Жизнь и удивительные приключения Робинзона Крузо, моряка из Йорка
Подзаглавни данни [Для ст. школ. возраста]
Редно поле (дума) Даниэль Дефо; [Пер. с англ. М. А. Шишмаревой].
257 ## - Страна на издаване
Страна на създаване/издаване Великобритания
260 ## - Област на издателските данни
9 (RLIN) 212424
Място на издаване, разпространение и проч. Москва
Име на издателя, разпространителя и проч. Металлургия
Година на издаване 1982
Издателство - префикс ISBN 5-217-
300 ## - Физическа характеристика
Страници 327 с.
Илюстрации и др. с ил.
Размери/Мащаб 21 см.
380 ## - Жанр
Жанр Худож. лит.
490 ## - СЕРИИ (Колекции)
9 (RLIN) 458676
Име на серия Библиотека приключений
№: серия 1
500 ## - Общи забележки
Забележка Библ. приключений. В 20-ти т. Т. 1.
700 ## - Други автори (авторска отговорност)
9 (RLIN) 460996
Лично име Шишмарева, М. А.
Автороска отговорност (Описва отношението между автора и произведението) пер. с англ.
856 ## - Електронен адрес и достъп
Инструкция (цена за достъп) 0.00
Права за достъп disable
999 ## - СИСТЕМНИ КОНТРОЛНИ НОМЕРА
Koha biblionumber 490195
Koha biblioitemnumber 490195
942 ## - АРТИКУЛИ
Вид на библиотечния материал Книги
Скрит в OPAC Не
Периодичен библиозапис Да
944 ## - СЪЗДАВАНЕ И РЕДАКЦИЯ на ЗАПИСА
Създаване/Редакция Създаване
Дата на регистрацията/редакция 2023-03-27
Служител, извършил регистрацията/редакцията Кети
Наличности
Код за отписване Код за изгубен артикул Източник на класификационната схема Код за повреда Коз за рестрикции Код за отдаване Артикулен № Име на библиотеката - собственик Име на библиотеката, в която се намира в момента Статус (Текущо местоположение) Дата на вписване в системата Местоположение - отдел Цена в лева Инвентарен номер Систематично азбучна сигнатура Баркод Цена в евро Служебен тип на артикула
  Не е изгубен Universal Decimal Classification Не е повреден без рестрикции заемане за дома 925916 Регионална библиотека "Любен Каравелов" Русе Регионална библиотека "Любен Каравелов" Русе Заемна - подръчен фонд 2023-03-29 Заемна - подръчен фонд 10.00 120000885245 821-31/Д 46 Д 120000885245 5.11 Книги
Vip Innovations Ltd, Rousse, Bulgaria 2025